000 00569nam a2200205 a 4500
001 770
003 CO-ViMGA
008 141112s2004 ck r 000 u spa d
020 _a9580410097
040 _aCO-ViMGA
_bspa
_cCO-ViMGA
082 0 4 _aCo861.3 S458p
100 1 _aSilva, Jose Asunción
245 1 0 _aPoemas y prosas
260 _aSantafé de Bogotá :
_bNorma,
_c1996
300 _a120, 119 p.
490 _aCara y cruz
500 _aEncuadernado con A propósito de Jose Asunción Silva y su obra.
650 1 4 _aPOESIA COLOMBIANA
_91069
942 _2ddc
_cBK
999 _c13007
_d13007